Gaming Quiz

Random Gaming or Pokémon Quiz

Pokémon Smogon Movesets (2016) Quiz Stats

Quiz not verified by Sporcle

Challenge
Share
Tweet
Embed
Score 0/50 Timer 15:00
0 Plays Today
Moveset Pokémon % Correct
Fiery Dance/Bug Buzz/Roost/Quiver DanceVolcarona
83.6%
Flare Blitz/High Jump Kick/Swords Dance/ProtectBlaziken
82.2%
Icicle Spear/Ice Shard/Rock Blast/Shell SmashCloyster
80.6%
Brave Bird/Flare Blitz/Roost/Swords DanceTalonflame
80.6%
Power Whip/Stealth Rock/Thunder Wave/Leech SeedFerrothorn
80.6%
Dark Void/Dark Pulse/Sludge Bomb/Nasty PlotDarkrai
80.6%
Spacial Rend/Hydro Pump/Thunder/Ice BeamPalkia
80%
Stealth Rock/Earthquake/Dragon Tail/Fire BlastGarchomp
79.1%
Thunderbolt/Volt Switch/Flash Cannon/Hidden PowerMagnezone
79.1%
Meteor Mash/Zen Headbutt/Ice Punch/AgilityMetagross
79.1%
Shadow Ball/Overheat/Energy Ball/TrickChandelure
77.6%
Moonblast/Diamond Storm/Hidden Power/ProtectDiancie
77.6%
Aqua Jet/Superpower/Play Rough/Belly DrumAzumarill
77.6%
Drain Punch/Leech Seed/Spiky Shield/SpikesChesnaught
76.1%
Bullet Punch/Bug Bite/Roost/Swords DanceScizor
76.1%
Mach Punch/Bullet Seed/Spore/Swords DanceBreloom
75.6%
Dragon Dance/Dragon Claw/Earthquake/Extreme SpeedDragonite
75.6%
Nasty Plot/Dark Pulse/Flash Cannon/Aura SphereLucario
75.6%
Scald/Defog/Roar/Stealth RockEmpoleon
75.6%
Hidden PowerUnown
75.6%
High Jump Kick/Acrobatics/Sky Attack/Swords DanceHawlucha
75.6%
Ice Beam/Origin Pulse/Thunder/Calm MindKyogre
74.6%
Thunder/Bug Buzz/Giga Drain/Sticky WebGalvantula
74.6%
Softboiled/Stealth Rock/Moonblast/Calm MindClefable
74.6%
Shift Gear/Gear Grind/Wild Charge/SubstituteKlinklang
73.3%
Moveset Pokémon % Correct
Secret Sword/Hydro Pump/Scald/Icy WindKeldeo
73.3%
Shadow Ball/Flash Cannon/Shadow Sneak/King's ShieldAegislash
73.3%
Draco Meteor/Psyhock/Roost/DefogLatios/Latias
73.3%
Fire Blast/Dark Pulse/Nasty Plot/Sucker PunchHoundoom
73.3%
Brave Bird/Quick Attack/Close Combat/U-TurnStaraptor
73.1%
Will-O-Wisp/Recover/Knock Off/Foul PlaySableye
73.1%
Moonblast/Thunder/Flash Cannon/GeomancyXerneas
73.1%
Hydro Pump/Ice Beam/Low Kick/Gunk ShotGreninja
71.6%
Magma Storm/Earth Power/Flash Cannon/Stealth RockHeatran
71.1%
Hydro Pump/Volt Switch/Will-O-Wisp/Pain SplitRotom-Wash
70.1%
Iron Head/Defog/Spikes/RoostSkarmory
68.9%
Seed Flare/Air Slash/Earth Power/Healing WishShaymin (Sky-Forme)
68.9%
Flare Blitz/Extreme Speed/Will-O-Wisp/Morning SunArcanine
68.9%
Drain Punch/Knock Off/Gunk Shot/Parting ShotPangoro
68.7%
Counter/Magic Coat/Encore/Destiny BondWobbuffet
66.7%
Scald/Reflect Type/Recover/Rapid SpinStarmie
65.7%
Psycho Boost/Knock Off/Ice Beam/SuperpowerDeoxys
65.7%
Fake Out/Return/High Jump Kick/Ice PunchLopunny (Mega)
64.4%
Drain Punch/Mach Punch/Ice Punch/Bulk UpConkeldurr/Hitmonchan
64.2%
Scald/Ice Beam/Hidden Power/Tail GlowManaphy
62.2%
Boomburst/Ice Beam/Fire Blast/Shadow BallExploud
61.2%
Sacred Fire/Extreme Speed/Bulldoze/Stone EdgeEntei
58.2%
Tail Slap/Rock Blast/Bullet Seed/U-TurnCinccino
58.2%
Final Gambit/Spikes/Bug Buzz/EncoreAccelgor
53.7%
Thunderbolt/Hidden Power/Thunder Wave/Nasty PlotThundurus
52.2%

You're not logged in!

Compare scores with friends on all Sporcle quizzes.
Sign Up with Email
OR
Log In

You Might Also Like...

Show Comments

Extras

Top Quizzes Today


Score Distribution

Your Account Isn't Verified!

In order to create a playlist on Sporcle, you need to verify the email address you used during registration. Go to your Sporcle Settings to finish the process.

Report this User

Report this user for behavior that violates our Community Guidelines.

Details: